Better recreational land and buildings (Record no. 71158)
[ view plain ]
| 000 -LEADER | |
|---|---|
| fixed length control field | 01071cam a2200217 4500 |
| 001 - CONTROL NUMBER | |
| control field | WB3834-15 |
| 008 - FIXED-LENGTH DATA ELEMENTS--GENERAL INFORMATION | |
| fixed length control field | 020917n2002 000 0 eng u |
| 035 ## - SYSTEM CONTROL NUMBER | |
| System control number | (Sirsi) u119724 |
| 245 ## - TITLE STATEMENT | |
| Title | Better recreational land and buildings |
| 260 ## - PUBLICATION, DISTRIBUTION, ETC. | |
| Date of publication, distribution, etc. | 2002 |
| 490 ## - SERIES STATEMENT | |
| Series statement | ODPM News Release |
| Volume/sequential designation | 13 September 2002, (2) |
| 520 ## - SUMMARY, ETC. | |
| Summary, etc. | Government has published a good practice guide to help local planning authorities assess the needs of their communities for sport facilities and recreational land. The guide accompanies the recently revised "PPG17: Planning for open space, sport and recreation". "Assessing needs and opportunities: a companion guide to PPG17" available at www.planning.odpm.gov.uk/anocg/index.htm PPG17 available at www.planning.odpm.gov.uk/ppg/ppg17/index.htm www.odpm.gov.uk/news/0209/0073.htm |
| 590 ## - LOCAL NOTE (RLIN) | |
| Local note | WB |
| 650 ## - SUBJECT ADDED ENTRY--TOPICAL TERM | |
| Topical term or geographic name entry element | PPG17 |
| 650 ## - SUBJECT ADDED ENTRY--TOPICAL TERM | |
| Topical term or geographic name entry element | RECREATIONAL FACILITIES |
| 650 ## - SUBJECT ADDED ENTRY--TOPICAL TERM | |
| Topical term or geographic name entry element | SPORTS GROUNDS |
| 650 ## - SUBJECT ADDED ENTRY--TOPICAL TERM | |
| Topical term or geographic name entry element | PLANNING POLICY GUIDANCE |
| 650 ## - SUBJECT ADDED ENTRY--TOPICAL TERM | |
| Topical term or geographic name entry element | OPEN SPACES |
| 690 ## - LOCAL SUBJECT ADDED ENTRY--TOPICAL TERM (OCLC, RLIN) | |
| Topical term or geographic name as entry element | ENVIRONMENTAL AND LAND CONSULTANCY-PLANNING AND DEVELOPMENT |
| 942 ## - ADDED ENTRY ELEMENTS (KOHA) | |
| Suppress in OPAC | 0 |
| Withdrawn status | Lost status | Source of classification or shelving scheme | Damaged status | Not for loan | Home library | Current library | Shelving location | Date acquired | Total Checkouts | Full call number | Barcode | Date last seen | Copy number | Price effective from | Koha item type |
|---|---|---|---|---|---|---|---|---|---|---|---|---|---|---|---|
| Dewey Decimal Classification | London | London | News article | 17/09/2002 | WB3834-15 | 119724-1001 | 06/08/2019 | 1 | 06/08/2019 | News article |